[Event "Saintly Cup"]
[Site "Sydney"]
[Date "1999.01.22"]
[Round "1"]
[White "Benjamin, Joel"]
[Black "West, Guy"]
[Result "1-0"]
[WhiteElo "2593"]
[BlackElo "2414"]
[Annotator "Har Zvi,R"]
[PlyCount "79"]
[EventDate "1999.01.22"]
[EventType "tourn"]
[EventRounds "9"]
[EventCountry "AUS"]
[EventCategory "10"]
[SourceTitle "CBM 070"]
[Source "ChessBase"]
[SourceDate "1999.06.08"]
[SourceVersion "1"]
[SourceVersionDate "1999.06.08"]
[SourceQuality "1"]

1. e4 c5 2. Nf3 d6 3. c3 Nf6 4. h3 g6 5. Bd3 Bg7 6. Bc2 e5 7. d4 (7. O-O Nc6 8.
d3 O-O 9. Re1 h6 10. Be3 b6 11. d4 exd4 12. cxd4 Nb4 13. Nc3 Bb7 14. Bb1 Re8
15. d5 Na6 16. Nd2 Nc7 17. Bd3 Nd7 18. Bf1 $14 {1-0 Smagin,S-Yrjola,J/Voronez
1987/EXT 87 (39)}) 7... cxd4 (7... exd4 8. cxd4 O-O 9. O-O (9. Nc3 Nc6 10. d5
Nd4 11. O-O Re8 12. Bg5 h6 13. Be3 Nxc2 14. Qxc2 b5 15. e5 dxe5 16. Bxc5 a6 17.
Rad1 Bb7 $15 {/-/+;0-1 Ristic,N-Smolovic,M/JUG-ch 1992/EXT 92ch (61)}) 9... Nc6
10. Be3 (10. d5 Nb4 11. Nc3 Nxc2 12. Qxc2 Re8 13. Re1 a6 14. a4 Nh5 15. Bg5 f6
16. Be3 f5 17. exf5 Bxf5 18. Qd2 $13 {1/2-1/2 Barlov,D-Vera,R/Sochi 1985/
MCD-r8 (86)}) 10... cxd4 11. Nxd4 Re8 (11... d5 12. Nc3 Ne5 13. Bg5 dxe4 14.
Nxe4 Qb6 15. Nxf6+ Bxf6 16. Bxf6 Qxf6 17. Qe2 Bd7 18. Rad1 Rfe8 19. Qd2 Rad8
20. Qc3 Rc8 21. Qa3 a6 22. Bb3 Kg7 23. Bd5 b5 24. b3 Rc3 25. Qb4 Rec8 26. Be4
Qb6 27. Qe7 Re8 28. Qh4 b4 29. Kh1 f5 30. f4 Nf7 31. Bd5 Nd6 32. Rfe1 Ne4 33.
Bxe4 fxe4 34. f5 Qf6 35. Qxf6+ Kxf6 36. Ne2 {(...53.) 0-1 Seppeur,R-Ribli,Z/
BL8586 1986/BL 80}) 12. Nc3 d5 13. Nxc6 bxc6 14. Bd4 Nxe4 15. Bxg7 Kxg7 16.
Nxe4 dxe4 17. Qxd8 Rxd8 18. Bxe4 Be6 19. b3 Bd5 20. Rfe1 a5 $11 {1/2-1/2 Mahdi,
K-Mantovani,R/Velden op 1994/TD 94\02 (28)}) (7... Qc7 8. O-O O-O 9. Be3 b6 10.
a4 Ba6 11. Re1 Nc6 12. dxe5 dxe5 13. Na3 Rad8 14. Qb1 Nh5 15. Nb5 Qb8 16. b4
cxb4 17. cxb4 Nd4 18. Bxd4 exd4 19. Ra3 Nf4 $132 {1/2-1/2 Horvath,Z-Lutz,C/
Honved 1991/CBM 27 (125)}) 8. cxd4 exd4 9. Nxd4 O-O 10. O-O Re8 (10... d5 11.
e5 Ne4 12. Bf4 Na6 13. Nc3 Nxc3 14. bxc3 Nc5 15. Qd2 Ne6 16. Bg3 Nxd4 17. cxd4
Be6 18. Rab1 b6 19. Bf4 (19. f4 {[%cal Gf4f5]} f5 20. exf6 Qxf6) 19... Qd7 20.
Bd3 Bf5 $14 {1/2-1/2 Seul,G-Hausner,I/BL9293 1993/BL 90 (42)}) (10... Nc6 $5 {
well as I know this should be black's way of playing in this position,now he
want to play d5 and white can not play Nc3 because of Nxe4} 11. Nc3 Nxe4) 11.
Re1 a6 $6 {this is not a mistake but I think black's idea in the position is a
mistake he should again have played Nc6 not the idea on Bb7} 12. a4 (12. Nc3 b5
13. a3 Bb7 14. Bf4 $14 {also seems quite playable for white}) 12... b6 $2 {
well this is already a mistake in my point of view since white gets more than
a lsight advantage he gets just big play against the "d6" pawn with very good
pieces when black has no compensation at all for this} (12... Nc6 {and again
this move should have been played after 12...b6 white just gets a very
pleasent position}) 13. Nc3 Bb7 14. Bf4 {[%csl Rd6]} Nh5 15. Bh2 Be5 $6 16. Nf3
{of course not taking on e5 since black takes immediately with his "d"} Bxh2+
17. Nxh2 {[%csl Rf6,Rg8] also the idea Be5-Bxh2 is not so clear since it's
true now black keeps the "d6" pawn but his king becomes very weak right now
all,there is no bishop on g7} Nc6 18. Qd2 $1 {[%csl Rf6,Rh6][%cal Gh2g4,Ga1d1]
also preventing the "g5" square from black's Queen} Ne5 19. Rad1 Rc8 (19... Nc4
20. Qd4 Rc8 21. Bb3 (21. Ng4 Qg5 (21... Ne5 22. Qxd6) 22. Bb3 $16) 21... Nxb2
22. Rd2 Qf6 $1) 20. Bb3 Qh4 21. Bd5 $1 {just avoiding complications in a
better position may sometimes be not a bad idea,as Benjamin is doing here} (21.
Qxd6 Nf4 22. Qxb6 Qg5 {with just a very very strong initiative for black for
example} 23. Ng4 (23. g3 Nxh3+ 24. Kh1 Rb8 $36 {[%csl Rf2,Rh1][%cal Gb7e4,
Gb8b1]}) 23... Nxg4 24. hxg4 Qxg4 25. Bxf7+ Kxf7 26. Qxb7+ Re7 27. Qb3+ Kg7 28.
g3 Nh3+ 29. Kg2 Nf4+ $11) 21... Bxd5 22. Nxd5 $16 {[%csl Rf6] so now we see
the weaknesess of the "f6" square} b5 23. axb5 axb5 24. b3 {[%csl Rc4][%cal
Gd2b2] a good move first preventing Nc4 and prepering the entry of the Queen
to the h8-b2 diagonal from "b2"} Re6 25. f4 Nc6 26. Ng4 {[%cal Gf4f5,Gd2b2]
what to do now with the black pieces againt simply f5 and Qb2?} Qd8 (26... Ng3
27. Qf2 $18) 27. Qb2 Qf8 28. f5 gxf5 29. exf5 Rxe1+ 30. Rxe1 Qg7 $8 31. Qd2 Kh8
32. Rc1 (32. f6 Qg6 33. Nb6 Rd8 (33... Rg8 34. Qxd6) 34. Qd5 $18) 32... Na7 (
32... Qf8 33. Qb2+ $18) 33. f6 Qg6 (33... Qf8 34. Rxc8 Nxc8 (34... Qxc8 35. Qg5
) 35. Kh2 {and simply no move for black!!!} Na7 (35... Qg8 36. Qh6 Qg6 37. Qf8+
Qg8 38. Qxg8+ Kxg8 39. Ne7+) 36. Qg5) 34. Rxc8+ Nxc8 35. Qc1 Na7 (35... Qg8 36.
Nh6 Qf8 37. g4) 36. Qc7 h6 37. Qxa7 {[%mdl 52]} Qe4 38. Nde3 Nf4 39. Qb8+ Kh7
40. Qf8 1-0

[Event "ENG-CHN"]
[Site "London"]
[Date "1997.??.??"]
[Round "1"]
[White "Peng, Xiaomin"]
[Black "Ward, Christopher"]
[Result "1-0"]
[WhiteElo "2500"]
[BlackElo "2490"]
[Annotator "Har Zvi,R"]
[PlyCount "95"]
[EventDate "1997.04.??"]
[EventType "schev"]
[EventRounds "3"]
[EventCountry "ENG"]
[SourceTitle "CBM 059"]
[Source "ChessBase"]
[SourceDate "1997.08.01"]
[SourceVersion "1"]
[SourceVersionDate "1997.08.01"]
[SourceQuality "1"]

1. e4 c5 2. Nf3 d6 3. c3 Nf6 4. Be2 g6 5. O-O Bg7 6. Re1 O-O 7. Bf1 Bg4 {
the main move is 7...Nc6 and another playable move is 7...e5} 8. d3 (8. h3 Bxf3
9. Qxf3 Nc6 10. d3 (10. Na3 Rb8 11. Qd1 Nd7 12. Nc2 b5 13. d4 b4 (13... a5 14.
d5 Na7 15. a4 b4 16. cxb4 axb4 17. Ne3 $14 {Ljubojevic,L-Hellers,F Wijk 1986})
14. d5 Na5 15. Bd2 bxc3 16. Bxc3 $14 {Seret,JL-Akopian,V Cannes op 1993}) 10...
Nd7 11. Qd1 b5 12. a3 a5 13. d4 cxd4 14. Bxb5 Qb6 15. a4 Rfc8 16. Ra3 $14 {
/~~ Sokolov,A-Shneider,A/UKR-chT Alushta/1994/}) 8... Bxf3 (8... Nc6 9. h3 (9.
Nbd2 e5 (9... d5 10. h3 Bxf3 11. Qxf3 d4 12. c4 e5 13. Qd1 Bh6 $1 14. a3 Nd7
15. g3 a6 16. h4 $132 {Nevednichy,B-Ivanov,A}) 10. h3 Be6 11. a3 h6 12. b4 a6
13. Rb1 b5 14. Nb3 Nd7 $15 {Rodriguez,Am-De Firmian,N New-York op 1989}) 9...
Bxf3 10. Qxf3 Rb8 11. a4 a6 12. Be3 Nd7 13. Qd1 e5 14. Nd2 b5 15. axb5 axb5 16.
Qc2 b4 17. Nc4 Nb6 $14 {/= Antonio,R-De Firmian,N Thessaloniki olm 1984}) 9.
Qxf3 Nc6 10. Nd2 b5 11. Qd1 Nd7 12. Nf3 b4 13. Bd2 a5 {a standard position for
this variation,black has pressure along the h8-a1 diagonal,while white tries
to play d4 blocking this daigonal} 14. a3 Qb6 15. Qa4 Ra7 16. Rac1 Rb8 17. Be3
Rab7 18. d4 $6 {I think that after this move black by serious of exchanges
gets a very nive position,where even the queen "sacrifise"is not forced,it was
possible for white to play here a more solid move such as Red1 with an unclear
position} (18. Red1 bxc3 19. bxc3 Nf6) 18... cxd4 19. cxd4 Nxd4 20. Nxd4 Bxd4
21. Rc6 {[%tqu "En","can you find black's move,there are two analyse both","",
"","d4e3","",7,"b6a7","",0]} Bxe3 $1 (21... Qa7 22. Ra6 Qc5 23. Rxa5 Nb6 24.
Qxb4 (24. Rxc5 $2 Nxa4 25. Ra5 Bxe3 26. Rxa4 Bd4 (26... bxa3 27. fxe3 axb2 28.
Rb1)) (24. Bxd4 Nxa4 (24... Qxd4 25. Qxb4) 25. Bxc5 Nxc5 {[%csl Ra5]}) 24...
Qxb4 25. axb4 Bxb2 26. Rb1 {when it's clear white's position is better}) 22.
Rxb6 Bxb6 {[%csl Rb2,Rf2][%cal Ga7f2]} 23. axb4 axb4 24. Rc1 (24. Qxb4 $4 Bxf2+
) 24... Bd4 (24... Nf6) 25. Qc2 (25. b3 Nc5 {[%csl Rb3,Re4]}) 25... b3 $1 {
fixing the b2 pawn} 26. Qd2 e5 27. Rc4 $1 {the best move and certainly the
best chance in the position,since white's only chance is to exchange the "d4"
bishop} (27. Bc4 Nf6 $1 28. Qe2 (28. Qd3 Rc7) 28... Rc7 {[%cal Gc8c1]} 29. Ra1
Nxe4 30. Qxe4 Rxc4) 27... Nc5 28. Rxd4 exd4 29. Qxd4 Rb4 30. Qxd6 Nxe4 31. Qc7
R4b7 (31... Nd2 32. Be2 Re8 33. f3 Rxe2 $4 (33... Rd4) 34. Qc8+ Kg7 35. Qc3+) (
31... Kg7 $1 {I think the best way to try and play for black is first to put
the king on g7 and the knight on f6,so to have a well protected king,and then
the rooks may try to penetrate along the open files but in the game,black's
knight on e4 had no good place and this led to a decisivr mistake by black few
moves later} 32. Bc4 R8b7 33. Qe5+ Nf6) 32. Qf4 Re8 33. h4 h5 34. Bc4 {now you
see why I wanted very much to play 31...Kg7 and Nf6 jsut to have my pieces
organized now black's pieces seems to have no connection at all between them,
while white has some immediate threats} Kg7 $4 {so now black wants to play Nf6
and.... but now there is a small problem} (34... Ree7 35. f3 (35. Bd5 Nc3 (
35... Rb4 $4 36. f3) 36. bxc3 b2 37. Ba2 b1=Q+ 38. Bxb1 Rxb1+ $11) 35... Nc5
36. Qd6 Ne6 37. Bxb3 $11) 35. Bd5 $1 Rbe7 36. Bc6 {[%csl Re4,Re8]} Rd8 $4 {
well this just losing immediately,but also after 36...Nf6 37.BxR RxR 38.Qb4
black's position seems very difficult probably losing} 37. Bxe4 Rd4 38. f3 f5
39. Qg5 Re5 40. Bc6 Rd1+ 41. Kh2 Re2 42. Bb5 Re5 43. Bc4 Rd4 44. Bxb3 Rb4 45.
Qd8 Rxb3 46. Qd4 Rbe3 47. f4 R3e4 48. Qxe5+ 1-0

[Event "RUS-Cup7"]
[Site "Kstovo"]
[Date "1997.05.02"]
[Round "2"]
[White "Ulybin, Mikhail"]
[Black "Zagrebelny, Sergey"]
[Result "1-0"]
[WhiteElo "2555"]
[BlackElo "2480"]
[Annotator "Har Zvi,R"]
[PlyCount "57"]
[EventDate "1997.05.01"]
[EventType "swiss"]
[EventRounds "9"]
[EventCountry "RUS"]
[SourceTitle "CBM 059"]
[Source "ChessBase"]
[SourceDate "1997.08.01"]
[SourceVersion "1"]
[SourceVersionDate "1997.08.01"]
[SourceQuality "1"]

1. e4 c5 2. Nf3 d6 3. Bb5+ Bd7 4. Bxd7+ Nxd7 5. O-O Ngf6 6. Qe2 e6 7. b3 (7. c3
) 7... g6 (7... Be7) 8. c3 $5 (8. d4 cxd4 9. Nxd4 Bg7 10. Ba3 Qb6 11. Nc3 a6 (
11... Qxd4 12. Nb5 Qb6 13. Nxd6+ Kd8 14. Nxf7+ Kc7 15. Nxh8 Rxh8 16. Rad1 $16 {
Ftacnik,L}) 12. Rad1 O-O 13. Na4 Qc7 14. c4 {1/2-1/2 Kramnik,V-Gelfand,B
Sanghi Nagar (m/1) 61/(204) 1994}) (8. Bb2 Bg7 9. d4 cxd4 10. Bxd4 O-O 11. Rd1
b5 12. Qxb5 Nxe4 13. Qe2 d5 14. c4 Rc8 $11 {Ivanchuk,V-Kasparov,G Las Palmas
1996 CBM 57}) 8... Bg7 9. d4 O-O 10. Nbd2 (10. e5 Nd5 11. Re1 cxd4 12. cxd4
dxe5 13. dxe5 Rc8 14. Ba3 Re8 15. Nbd2 Qa5 16. Nc4 Qa6 17. g3 $14 {Antonio,
R-Arnason,J Moscow (ol) 1994}) 10... Qc7 11. Bb2 cxd4 (11... Rfc8 12. Rfe1 a6
13. e5 Ne8 14. h4 b5 15. h5 Qb7 16. hxg6 hxg6 17. Qd3 $16 {Rublevsky,S-Neverov,
V Sankt_Peterburg (op) 1996 67/253 [Rublevsky,S]}) 12. cxd4 $14 {white should
be quite satisfied with the opening result,in this variation 1.e4 c5 2.Nf3 d6
3.Bb5 slight advantage for white is just something like the top he can get [
not like in the Dragon opening for example when just if you know more theory
than your opponent you can win the game ] and indeed here white controls the
centre,and has good pieces} Rfc8 13. e5 dxe5 14. dxe5 Nd5 15. Nc4 Bf8 16. Ng5 {
[%cal Gg5e4]} Nc5 17. h4 {[%cal Gh4h5]} h6 18. Nh3 $1 {not so natural but
still the best I think,since white wants to leave his "f" pawn free for
movement when needed for example after h5 if black replies with g5 than white
has f4...} Qd8 $6 (18... h5) (18... Na4 $5) 19. h5 Qh4 (19... g5 20. f4) 20.
hxg6 fxg6 21. Nd6 Bxd6 $2 {I do not know but to me this just seems like a
suicide,opening the a1-h8 diagonal does not seem like a wise thing to do} (
21... Rc7 22. Rac1 $36) 22. exd6 {[%cal Ga1h8]} Qe4 23. Qd2 Kh7 24. Rad1 Nd7 (
24... Rc6 25. Rfe1 Qg4 (25... Qh4 26. Qe2 Qd8 (26... Rxd6 27. Qc4 $1 {the point
} Qxc4 28. bxc4 Rb6 29. Bd4 $18) 27. Qe5 Qf8 28. Rxd5 $1 exd5 29. Ng5+ hxg5 30.
Qh2+ Kg8 31. Qh8+ Kf7 32. Qh7+ Qg7 33. Qxg7#) (25... Qf5 26. Qd4 Qf8 (26... Qf7
$2 27. Qh4 {winning immediately}) 27. Rc1 Rac8 28. b4 Nd7 29. Rxc6 Rxc6 30.
Rxe6 $18) 26. f3 Qh4 (26... Qf5 27. Qd4 Qf8 (27... Qf7 28. Qh4) 28. Rc1 Rac8
29. b4 $18) 27. Bd4 $16 {[%csl Re6]}) 25. Rfe1 Qf5 26. Qe2 {[%cal Gd1d3,Gd3f3]
it seems as the game is over,white has a very strong threat Rd3-Rf3} Re8 27.
Rd3 g5 28. Qh5 (28. Nxg5+ Qxg5 (28... hxg5 29. Qh5+ Kg8 30. Qh8+ Kf7 31. Qg7#)
29. Rg3 $18) 28... Rg8 (28... Qg6 $4 29. Nxg5+ Qxg5 30. Qf7+) 29. Rf3 {[%cal
Gf3f7]} 1-0

[Event "Las Palmas"]
[Site "Las Palmas"]
[Date "1996.12.10"]
[Round "2"]
[White "Ivanchuk, Vassily"]
[Black "Kasparov, Garry"]
[Result "1/2-1/2"]
[WhiteElo "2730"]
[BlackElo "2785"]
[Annotator "Har Zvi,R"]
[PlyCount "46"]
[EventDate "1996.12.08"]
[EventType "tourn"]
[EventRounds "10"]
[EventCountry "ESP"]
[EventCategory "21"]
[SourceTitle "CBM 057"]
[Source "ChessBase"]
[SourceDate "1997.04.01"]
[SourceVersion "1"]
[SourceVersionDate "1997.04.01"]
[SourceQuality "1"]

1. e4 {Horvath,T, Kramnik, Psakhis} c5 2. Nf3 d6 3. Bb5+ Bd7 {Horvath: Mit 3...
-Nbd7 hat Kasparov keine gute Erinnerung gegen Ivachuk, sehe ihre Partie
Linares 1991 CBM 22.} 4. Bxd7+ Nxd7 5. O-O Ngf6 6. Qe2 e6 7. b3 (7. c3 Be7 8.
d4 cxd4 (8... O-O 9. e5 (9. Rd1 {Horvath,T} Rc8 10. e5 Ne8 $13) 9... Ne8 10.
exd6 (10. dxc5 Nxc5 11. c4 dxe5 12. Nxe5 Qd4 13. Nc3 Bd6 14. Nf3 Qd3 $13 {
Wahls,M-Groszpeter,A/Munich/1989}) 10... Nxd6 11. Rd1 cxd4 12. Nxd4 Re8 {
Lechtynsky,J-Geller,E/Moscow/1977}) 9. cxd4 d5 10. e5 Ne4 11. Ne1 (11. Be3 $13)
11... Qb6 12. Be3 f6 13. f3 Ng5 14. Nd3 Nf7 15. Nc3 O-O 16. Rfe1 $14 {Chekhov,
V-Ftacnik,L/BL/1992}) (7. d4 {Horvath,T Rublevsky-Groszpéter/CBM/56}) 7... g6 {
Psakhis Interesting new idea, which was introduced into practice by Gelfand.} (
7... Be7 8. Bb2 O-O 9. c4 a6 (9... e5 10. Nc3 Ne8 11. Ne1 $1 Nc7 12. Nc2 Ne6
13. Ne3 Bg5 $6 (13... Nf6 $14) 14. g3 $1 Nf6 15. Qd3 {+/-/+/= Yudasin,L-Shirov,
A/Ljubljana/1995/}) (9... Re8 10. Nc3 a6 (10... Ne5 11. Nxe5 dxe5 12. f4 exf4
13. e5 $14 {Timman-Giardelli Mar del Plata 1982 33/200 [Timman]}) 11. Kh1 Qc7
12. Rae1 Bf8 13. Ng5 h6 14. Nh3 Ne5 15. f4 Nc6 16. g4 $1 $40 {Smyslov,
V-Ioseliani,N Monaco 1994 61/204 [Smyslov]}) 10. d4 cxd4 11. Nxd4 Qb6 12. Nc2 (
12. Rd1 Rac8 (12... Rfe8 {Horvath,T Eine oft gespielte Stellung, mit gleichen
Chancen.}) 13. Nc3 Rfe8 14. Rac1 $13) 12... Rac8 13. Nc3 Rfe8 14. Kh1 Qc5 15.
Rac1 Qh5 16. Qxh5 Nxh5 17. g3 {+/=/= Adams,M-Tiviakov,S PCA-WchM (4) New-York
1994 plof}) 8. Bb2 {Kramnik: 8.d4 or 8.c3 are played here as well. Kasparov
soon equalizes} (8. c3 {Psakhis} Bg7 9. d4 O-O 10. Nbd2 (10. e5 Nd5 (10... dxe5
11. dxe5 Ng4 12. Bf4 $14) 11. Re1 cxd4 12. cxd4 dxe5 13. dxe5 Rc8 $11 {1-0
Antonio-Arnason/Moscow olm 1994 (34)}) 10... Qc7 11. Bb2 Rfc8 12. Rfe1 a6 13.
e5 Ne8 14. h4 b5 $11 {1/2-1/2 Rublevsky,S-Neverov,V/St.Peterburg op 1995 (33)})
(8. d4 {Psakhis} cxd4 9. Nxd4 Bg7 10. Ba3 (10. Rd1 O-O 11. Ba3 Qb6 12. c4 Rfd8
13. Nc3 a6 $10) 10... Qb6 11. Nc3 a6 12. Rad1 O-O 13. Na4 Qc7 14. c4 {1/2-1/2
Kramnik,V-Gelfand,B (01)/FIDE-cm Sanghi Nagar 1994}) 8... Bg7 9. d4 (9. c4 {
Psakhis} O-O 10. d4 cxd4 11. Nxd4 Qb6 $13) 9... cxd4 10. Bxd4 (10. Nxd4 {
Psakhis} Nc5 11. Nd2 O-O 12. c4 Qb6 $11) 10... O-O 11. Rd1 (11. c4 {Psakhis}
Qc7 12. Nc3 a6 {[%cal Rb7b5]}) 11... b5 {Der Bauer im Zentrum ist wichtiger
als am Damenflügel!} 12. Qxb5 (12. a4 b4) (12. Nc3 a6 (12... b4 13. Nb5 d5)) (
12. e5 {Psakhis} dxe5 13. Nxe5 Nxe5 14. Bxe5 Qb6 $11) 12... Nxe4 13. Qe2 d5 14.
c4 (14. Bxg7 {Psakhis} Kxg7 15. c4 Qf6) 14... Rc8 15. Bxg7 Kxg7 16. Qb2+ (16.
cxd5 exd5 {this is just a worse version of the game for white since after 16.
cxd5 he has opened the "c" file which is controled by black} (16... Qf6 17.
dxe6 Ndc5 (17... Qxa1 $2 18. exd7) 18. e7 $1 (18. Nd4 $6 Rfd8 $1 19. Qe3 Rxd4
$1 20. Rxd4 (20. Qxd4 Qxd4 21. Rxd4 Nxb3 22. Nd2 $8 (22. Nc3 $2 Nxc3 $19 {
[%cal Gc3e2,Gb3d4,Gb3a1]}) 22... Nxd4 23. Nxe4 Nxe6 $15 {[%csl Rg1][%cal Gc8c1,
Ga2h2]}) 20... Nxe6 21. Rd1 (21. Rxe4 Qxa1 {and thanks to his more active
pieces and white's weak king black is better} 22. Qe1 Qxa2 $17 {[%csl Rb1,Rb3,
Rg1][%cal Ga2h2,Gc8c1]}) 21... Qxa1 22. Qxe4 Qxa2 $6 $15 {[%csl Rb1,Rb3,Rg1]})
18... Rfe8 19. Nd4 Rxe7 20. Qe3 Nd6 (20... Rd7 21. Nc3 $1) 21. Qd2 Nde4 22. Qe3
$8 (22. Qb2 $2 Rd7 $17 {[%csl Rf2][%cal Gd8d1,Gf6a1]}) 22... Nd6 $11)) 16...
Qf6 17. Qxf6+ Ndxf6 18. Nbd2 Rfd8 (18... Nc3 19. Re1 Rfd8 20. Re3 Nfe4 (20...
d4 $2 21. Rd3 {[%csl Rd4]}) 21. Nxe4 Nxe4 $11) 19. Nxe4 Nxe4 20. cxd5 Nc3 (
20... Rxd5 $5 {Psakhis} 21. Rxd5 exd5 $36) 21. Rd2 Rxd5 22. Kf1 Rdc5 23. Re1
Nd5 {Kramnik: Black is slightly better but there are really no great chances
of winning for black so... Horvath: "Zwei gegen einen Bauern am Damenflügel
gibt Vorteil" sagen die Dogmatiker. Die schwarzen figuren stehen aber aktiver,
also ist remis korrekt.} 1/2-1/2

[Event "Biel Credis"]
[Site "Biel"]
[Date "1997.07.27"]
[Round "6"]
[White "Kobalia, Mihail"]
[Black "Forster, Richard"]
[Result "1-0"]
[WhiteElo "2495"]
[BlackElo "2460"]
[Annotator "Har Zvi,R"]
[PlyCount "43"]
[EventDate "1997.07.20"]
[EventType "tourn"]
[EventRounds "10"]
[EventCountry "SUI"]
[EventCategory "10"]
[SourceTitle "CBM 060"]
[Source "ChessBase"]
[SourceDate "1997.09.29"]
[SourceVersion "1"]
[SourceVersionDate "1997.09.29"]
[SourceQuality "1"]

1. e4 c5 2. Nf3 d6 3. Bc4 e6 4. d3 (4. O-O Nf6 (4... a6 5. Re1 Nf6 6. Bf1 Be7
7. c3 Nc6 8. d4 cxd4 9. cxd4 d5 10. e5 Ne4 11. Nbd2 Nxd2 12. Bxd2 Qb6 13. Bc3
Bd7 14. Qd2 a5 15. h4 a4 $132 {Hodgson,J-Rashkovsky,N Obesda op 1996}) 5. Re1 (
5. d3 Be7 6. Re1 O-O 7. Bb3 Nc6 8. c3 b5 9. a4 b4 10. Nbd2 Ba6 11. Bc4 Bb7 12.
d4 cxd4 13. cxd4 d5 14. exd5 Nxd5 15. Ne4 Rc8 16. Bd3 b3 $1 $36 {Van der Wiel,
J-Kasparov,G Brussels 5' 1987}) 5... Be7 6. c3 d5 7. exd5 Nxd5 8. d4 O-O 9.
dxc5 Bxc5 10. Bxd5 exd5 11. Be3 Be7 12. Nbd2 Nc6 $11 {Hellsten,J-Akesson,R
Sigeman and co 1997}) (4. Qe2 Be7 5. O-O Nf6 6. c3 O-O 7. Bb3 b6 8. Re1 Bb7 9.
d3 Nc6 10. Nbd2 $13 {Leko,P-Moiseev,V Nettetal 60/(196) 1992}) 4... Nc6 5. Bb3
Nf6 6. c3 Be7 (6... d5 7. e5 Nd7 8. d4 Be7 9. O-O b5 10. Re1 Bb7 11. Nbd2 a5
12. a4 b4 13. c4 dxc4 14. Nxc4 cxd4 15. Bg5 O-O 16. Bxe7 Qxe7 17. Nxd4 Nc5 18.
Nxc6 Bxc6 19. Rc1 Bd5 $36 {Adams,M-Kasparov,G New-York PCA 1995}) 7. O-O O-O 8.
Re1 Ne5 9. d4 (9. Bc2 Nxf3+ 10. Qxf3 b6 11. d4 Bb7 $13) 9... Nxf3+ 10. Qxf3 d5
11. exd5 (11. e5 Ne4 12. Nd2 f5 $132 (12... Nxd2 13. Bxd2 {[%csl Rc8][%cal
Gb3c2,Gf3h5,Ge1e3,Ge3h3]})) 11... exd5 (11... Nxd5 12. dxc5 (12. Bxd5 exd5 13.
dxc5 Bxc5 14. Be3 d4 (14... Be7 15. Nd2 $14) 15. cxd4 (15. Rd1 $2 dxe3 16. Rxd8
exf2+ 17. Kf1 Rxd8 $17 {/-+}) 15... Bxd4 16. Bxd4 (16. Rd1 $2 Bxb2 17. Rxd8
Rxd8 {[%csl Ra1]}) 16... Qxd4 17. Nc3 Qb4 $11 {[%cal Gc8e6]}) 12... Bxc5 13.
Nd2 $32 (13. Rd1 Qc7)) 12. dxc5 Bg4 (12... Bxc5 13. Bg5) 13. Qg3 Bxc5 14. Bg5
Ne4 15. Bxd8 (15. Qxg4 Nxf2 16. Qf5 Qxg5 17. Qxg5 Nh3+ 18. Kf1 Nxg5 19. Bxd5
Rfd8 $13) 15... Nxg3 16. Bg5 (16. Be7 $5 Rfe8 17. hxg3 Rad8 $1 (17... Rxe7 18.
Rxe7 Bxe7 19. Bxd5 Rd8 20. c4 Bf6 21. Nc3 Bxc3 22. bxc3 b6 23. Re1 $14 {/=} Be6
$5) 18. Re4 $5 (18. Nd2 Bxe7 19. Nf3 $11) (18. Bxc5 $2 Rxe1+ 19. Kh2 b6 $1 20.
Be3 Bf5 $17) (18. Bxd8 $6 Rxe1+ 19. Kh2 Bxf2 {[%csl Ra1,Rb1,Rh2] when black
has at least draw}) 18... Rxe7 $8 (18... dxe4 $2 19. Bxc5 $16 {/+-}) 19. Rxg4
Re1+ 20. Kh2 Bxf2 $44 {[%csl Ra1,Rb1][%cal Gd8d6,Gd6h6]}) 16... Rfe8 (16... Ne4
17. Be3 Bxe3 18. Rxe3 Be6 19. Na3 $14 {[%csl Rd5][%cal Ga1d1,Ge3d3,Ya3c2,Yc2b4,
Yc2e3] /+/-}) 17. Nd2 (17. Rxe8+ Rxe8 18. hxg3 Re1+ 19. Kh2 Bxf2 {with at
least draw for black [ this is similar to a variation after 16.Be7 mentioned
above ]}) 17... Ne2+ (17... Ne4 18. Nxe4 dxe4 19. Bd5 $14 {/+/-}) 18. Kf1 Re5
$2 (18... h6 $142 $1 19. Be3 (19. Bh4 $6 Nf4 $132) 19... Bxe3 20. fxe3 Rxe3 21.
Bxd5 {is quite similar to the gaem,only better for black who has managed to
play h6 and give air for his king,and will be able to play the very important
move for him g5} Rd8 22. Bf3 Bxf3 23. Nxf3 Rde8 24. Rad1 g5 $8 $13 25. Rd2 Nf4
26. Rxe3 Rxe3 27. Rd7 Nd3) 19. Be3 d4 $4 {I can not understand this move,after
this move black played only 2 moves in the game before resigning,well I can
not understand this,nor give any explenation for this just wonder!?...} (19...
Bxe3 20. fxe3 Rxe3 (20... Rae8 21. Rxe2 (21. h3 $2 Rf5+) 21... Bxe2+ 22. Kxe2
Rxe3+ 23. Kf1 $16) 21. Bxd5 $1 {much more simple and better than all the stuff
whith h3 and after Bh5 g4 when black may take 3 pawns for his knight, here
white gets a clear advantage without big problems} Rd8 22. Bf3 $1 Bxf3 (22...
Rxd2 $2 23. Bxg4 {[%csl Re2]}) 23. Nxf3 Rde8 24. Rad1 $16 {[%cal Gd1d7]} R3e6 {
[%cal Ge2f4]} 25. g3 $1 {[%csl Re2]}) 20. Bxd4 (20. cxd4 $2 Nxd4) 20... Bxd4
21. cxd4 Ree8 (21... Re7 22. f3) 22. Bd1 1-0